00299nam a2200121Ia 4500008004100000082001600041100001500057245002900072250000800101260004300109300001000152650001500162150201s1999 xx 000 0 und d a612bC1999M aMISRA,U.K. aCLINICAL NEUROPHYSIOLOGY a1ST bCHURCHILL LIVINGSTONEaEDINBURGHc1999 a1-344 aPHYSIOLOGY